Normal view MARC view

Entry Personal Name

Number of records used in: 1

001 - CONTROL NUMBER

  • control field: 308299

003 - CONTROL NUMBER IDENTIFIER

  • control field: MY-SjTCS

005 - DATE AND TIME OF LATEST TRANSACTION

  • control field: 20250102122645.0

008 - FIXED-LENGTH DATA ELEMENTS

  • fixed length control field: 250102|| aza||abbn | a|a d

040 ## - CATALOGING SOURCE

  • Original cataloging agency: MY-SjTCS
  • Language of cataloging: eng
  • Transcribing agency: MY-SjTCS
  • Description conventions: rda

100 1# - HEADING--PERSONAL NAME

  • Personal name: Cramer, Shirley

374 ## - OCCUPATION

  • Occupation: Chief executive officers
  • Source of term: lcsh

375 ## - GENDER

  • Gender: female

377 ## - ASSOCIATED LANGUAGE

  • Language code: eng